| 000 | 01087nam2a22002651 4500 | ||
|---|---|---|---|
| 001 | v19\rc\1481775 | ||
| 005 | 20250618192925.0 | ||
| 035 | _a(NLR Aleph) 004679644 | ||
| 090 |
_a3789223 _c3789223 |
||
| 100 | _a20060620d1901 |||y0rusy50 ca | ||
| 101 | 1 |
_arus _clat |
|
| 102 | _aRU | ||
| 105 | _ay z ||||| | ||
| 200 | 1 | _aЧетыре книги толкований на Евангелие от Матфея | |
| 210 |
_d1901 _aБ. м. |
||
| 215 | _a[4], 316 с. | ||
| 225 | 1 |
_a... _vКн. 26 |
|
| 461 | 0 |
_1001v19\rc\1481760 _12001#$aТворения блаженного Иеронима Стридонского$vЧ. 16 _1700#0$aИероним Блаженный$fок.340-420$3RU\NLR\AUTH\779243 _93789037 _aИероним Блаженный (ок.340-420) _cКиев _d1879- _oЧ. 1- _tТворения блаженного Иеронима Стридонского _vЧ. 16 |
|
| 605 | _aЕвангелие от Матфея | ||
| 801 | 0 |
_aRU _bNLR _gpsbo |
|
| 801 | 1 |
_aRU _bProSoft-M _2rusmarc |
|
| 852 |
_aNLR _j18.252.2.1(кн.26, ч.16) |
||
| 942 | _cBOOK | ||
| 980 | _aNB | ||